| 000 | 00439nam a2200181Ia 4500 | ||
|---|---|---|---|
| 005 | 20230329103510.0 | ||
| 008 | 131103s9999 xx 000 0 und d | ||
| 040 | _aLoreto College | ||
| 041 | _aEnglish | ||
| 082 |
_a891.444 _bRAY |
||
| 100 | _aRay, Annadasankar | ||
| 245 |
_aPrabandha _cAnnadasankar Ray |
||
| 260 |
_aCalcutta _bD M Library _c1371 |
||
| 300 | _a735p. | ||
| 650 | _aBengali essays | ||
| 850 | _aLCLIB | ||
| 942 | _cBK | ||
| 999 |
_c23080 _d73559 |
||